Riconosci la Squadra di calcio - Quiz n°28 - Statistics

Statistiche generali
  • Questo quiz è stato fatto 36 volte
  • Il punteggio medio è 6 su 9
Statistiche sulle risposte
Indizio Risposta % Corretto
Colori sociali Bianco, nero
97%
Titoli nazionali 26 Campionati norvegesi
88%
Divisione nazionale 2023-2024 Prima
66%
Confederazione UEFA
63%
Trofei nazionali 12 Coppe di Norvegia 3 Supercoppe norvegesi
56%
Capienza Stadio 21 405 posti
56%
Fondazione 1917
53%
Trofei internazionali 1 Coppa Intertoto UEFA
53%
Squadra Rosenborg
44%
Nessun quiz corrispondente trovato
Distribuzione punteggi
Percentuale di utenti per punteggio
Percentile per numero di risposta
I tuoi punteggi nel tempo
Non hai fatto questo quiz